Productivity of boro ratoon rice under different levels of nitrogen / (Record no. 9243)

MARC details
000 -LEADER
fixed length control field 01048nam a22002777a 4500
001 - CONTROL NUMBER
control field BD-DhSAU 9243
003 - CONTROL NUMBER IDENTIFIER
control field BD-DhSAU
005 - DATE AND TIME OF LATEST TRANSACTION
control field 20190417093743.0
008 - FIXED-LENGTH DATA ELEMENTS--GENERAL INFORMATION
fixed length control field 150613b2010 bg a|||| m||| 00| 0 eng d
040 ## - CATALOGING SOURCE
Original cataloging agency BD-DhSAU
082 ## - DEWEY DECIMAL CLASSIFICATION NUMBER
Edition number 22
Classification number 630
Item number M3111
100 ## - MAIN ENTRY--PERSONAL NAME
Personal name Mamun, A. F. M.
Relator term Registration # 08-3237
245 ## - TITLE STATEMENT
Title Productivity of boro ratoon rice under different levels of nitrogen /
Remainder of title MS thesis
Statement of responsibility, etc. A. F. M. Mamun
260 ## - PUBLICATION, DISTRIBUTION, ETC. (IMPRINT)
Place of publication, distribution, etc. Sher-e-Bangla Agricultural University :
Name of publisher, distributor, etc. Department of Agronomy,
Date of publication, distribution, etc. 2010.
300 ## - PHYSICAL DESCRIPTION
Extent xv, 83 p. :
Other physical details ill. ;
Dimensions 30 cm.
500 ## - GENERAL NOTE
General note MS thesis of Department of Agronomy, Faculty of Agriculture, Sher-e-Bangla Agricultural University, Dhaka, Bangladesh
504 ## - BIBLIOGRAPHY, ETC. NOTE
Bibliography, etc Includes bibliographical reference.
590 ## - Name of Cataloguer
Name of Cataloger Jerin
650 ## - SUBJECT ADDED ENTRY--TOPICAL TERM
Topical term or geographic name as entry element Agronomy
650 ## - SUBJECT ADDED ENTRY--TOPICAL TERM
Topical term or geographic name as entry element nitrogen
650 ## - SUBJECT ADDED ENTRY--TOPICAL TERM
Topical term or geographic name as entry element boro ratoon rice
700 ## - ADDED ENTRY--PERSONAL NAME
Personal name Ullah, Md. Jafar
Relator term Superviser
700 ## - ADDED ENTRY--PERSONAL NAME
Personal name Sardar, Md. Sadrul Anam
Relator term Co-superviser
856 ## - ELECTRONIC LOCATION AND ACCESS
Uniform Resource Identifier <a href="http://10.10.0.126:8080/xmlui/handle/123456789/2378">http://10.10.0.126:8080/xmlui/handle/123456789/2378</a>
942 ## - ADDED ENTRY ELEMENTS (KOHA)
Source of classification or shelving scheme Dewey Decimal Classification
Koha item type MS Level Thesis
Holdings
Withdrawn status Lost status Source of classification or shelving scheme Damaged status Not for loan Collection code Home library Branch Name Shelving location Date acquired Total Checkouts Full call number Barcode Date last seen Price effective from Koha item type
    Dewey Decimal Classification   Not For Loan Reference SAU Library SAU Library Reference 31/10/2013   630 M3111 37170 19/06/2015 19/06/2015 MS Level Thesis